Teoretické aspekty medzinárodnej migrácie diplomová práca

Na minha lista:
Detalhes bibliográficos
Autor principal: Salanciová, Miroslava
Autor Corporativo: Fakulta medzinárodných vzťahov EU. Katedra medzinárodných politických vzťahov
Outros Autores: Liďák, Ján
Formato: Livro
Idioma:eslovaco
Publicado em: Bratislava 2011
Tags: Adicionar Tag
Sem tags, seja o primeiro a adicionar uma tag!

MARC

LEADER 00000nbm a2200000 4500
001 0131007
005 20170315090419.0
041 0 |a slo 
044 |a SK 
245 1 0 |a Teoretické aspekty medzinárodnej migrácie  |b diplomová práca  |c Miroslava Salanciová ; školiteľ: Ján Liďák 
264 1 |a Bratislava  |c 2011 
300 |a 80 s. 
100 1 |a Salanciová, Miroslava 
700 1 |a Liďák, Ján 
710 2 |a Fakulta medzinárodných vzťahov EU. Katedra medzinárodných politických vzťahov